Buenos Aires City Trivia - Statistics

General Stats
  • This quiz has been taken 45 times
    27 since last reset
  • The average score is 14 of 20
Answer Stats
Clue Answer % Correct
Meaning of "Buenos Aires" in English Good Winds
100%
Closest other national capital to Buenos Aires, located 200 kilometers east Montevideo
100%
Nickname of Buenos Aires {Paris} of South America
96%
Argentine first lady whose funeral was attended by 3 million people Eva Perón
92%
Famous dance style that originated in the Buenos Aires area Tango
92%
Major sporting event hosted by Buenos Aires in 1978 FIFA World Cup
88%
Pope born in Buenos Aires Pope Francis
88%
River estuary that Buenos Aires touches Río de la Plata
88%
Only metropolitan area in South America with a higher population São Paulo
85%
Flat plain of South America that Buenos Aires is situated on The Pampas
85%
This football player from nearby Lanús was awarded FIFA Player of the Century Diego Maradona
73%
Widest avenue in the world Avenida 9 de {Julio}
58%
Monument located at the intersection of the above avenue and Corrientes {Obelisco} de Buenos Aires
58%
Someone from Buenos Aires city is called a _______ Porteño
54%
Football club that currently owns the above (think of the first answer on this quiz) River Plate
54%
Largest stadium in South America by capacity Estadio {Monumental}
42%
Opera house ranked one of the best in the world by National Geographic Teatro {Colón}
38%
Buenos Aires supposedly has more ________s per capita than any other city Bookstore
23%
In 2005, Buenos Aires was the first city to become a UNESCO City of ______ Design
19%
Spanish explorer credited for the first founding of Buenos Aires in 1536 Pedro de {Mendoza}
19%
No matching quizzes found
Score Distribution
Percent of People with Each Score
Percentile by Number Answered
Your Score History
You have not taken this quiz since the last reset